| 000 | 00550nam a2200157Ia 4500 | ||
|---|---|---|---|
| 008 | 220216s9999 xx 000 0 und d | ||
| 100 | _aParasiewicz W | ||
| 245 | 0 | _aInfluence of epoxy groups present in polymers on adhesion of fibers to rubber matrix | |
| 260 | _bInternational Rubber Conference 1997. Rubber Science and Technology: Improving Quality of Life, Kuala Lumpur, Malaysia 6-9 Oct 1997; p604-607 | ||
| 650 | _aAdhesion | ||
| 650 | _aPolymers | ||
| 650 | _aRubber matrix | ||
| 700 | _aSlusarki L | ||
| 700 | _aZaborski M | ||
| 942 | _cJS | ||
| 999 |
_c61224 _d61224 |
||